200 years of Chinese education in Malaysia a protean saga
Saved in:
| Main Author: | |
|---|---|
| Format: | Book |
| Language: | English |
| Subjects: | |
| Tags: |
Add Tag
No Tags, Be the first to tag this record!
|
| Call Number : | LC 3089.M4 K83 2019 |
MARC
| LEADER | 00000nam a2200000 c 4500 | ||
|---|---|---|---|
| 001 | 86922 | ||
| 003 | MY-KLNDU | ||
| 005 | 20241219044053.0 | ||
| 008 | 221104 20192019my a b 001 0 eng d | ||
| 020 | |a 9789671478912 (pbk) | ||
| 020 | |a 9671478913 (pbk) | ||
| 039 | 9 | |a 202211041249 |b VLOAD |c 202110201059 |d rafizah |c 202010261002 |d shahrim |y 202010261000 |z shahrim | |
| 040 | |a UPNM |b eng |c UPNM |e rda | ||
| 090 | |a LC 3089.M4 |b K83 2019 | ||
| 100 | 1 | |a Kua, Kia Soong |e author | |
| 245 | 1 | 0 | |a 200 years of Chinese education in Malaysia |b a protean saga |c Kua Kia Soong |
| 246 | 3 | 0 | |a Two hundred years of Chinese education in Malaysia : a protean saga |
| 264 | |a Kuala Lumpur |b LLG Cultural Development Centre |c 2019 | ||
| 264 | |c © 2019 | ||
| 300 | |a xxiii, 194 pages |b illustrations |c 22 cm | ||
| 336 | |a text |2 rdacontent | ||
| 337 | |a unmediated |2 rdamedia | ||
| 338 | |a volume |2 rdacarrier | ||
| 504 | |a Includes bibliographical references and index | ||
| 505 | 0 | |a Birth of Chinese education -- The struggle against colonial control -- Citizenship and Chinese education -- The national school scheme -- Education policy of the Federation -- Creation of the independent schools -- Politics and Chinese education -- Chinese education under the NEP -- Merdeka University -- The Chinese schools in the eighties -- Chinese education in the nineties -- Challenges of the new millennium | |
| 592 | |a 20200240 |b 4/2/2021 |c RM 40.00 |h Nijuyon | ||
| 650 | 0 | |a Chinese |x Education |z Malaysia | |
| 650 | 0 | |a Education |z Malaysia | |
| 650 | 0 | |a Schools, Chinese |z Malaysia | |
| 999 | |a vtls000067036 |c 86922 |d 86922 | ||


